Valencia - Atalanta Champions League 2019-20 - Statistics

General Stats
  • This quiz has been taken 46 times
  • The average score is 15 of 30
Answer Stats
Player % Correct
Papu Gómez
84%
Josip Iličić ⁴
82%
Duván Zapata
76%
Dani Parejo
74%
Hans Hateboer
63%
Mario Pašalić
61%
Robin Gosens
61%
Gian Piero Gasperini
58%
Jasper Cillessen
58%
José Luis Gayà
58%
Marten de Roon
58%
Remo Freuler
58%
Berat Djimsiti
55%
Marco Sportiello
55%
Mouctar Diakhaby
55%
Geoffrey Kondogbia
50%
José Luis Palomino
50%
Ferran Torres ¹
47%
Francis Coquelin
45%
Carlos Soler
42%
Gonçalo Guedes
42%
Daniel Wass
39%
Kevin Gameiro ²
37%
Mattia Caldara
37%
Rodrigo Moreno
37%
Denis Cheryshev
29%
Ruslan Malinovskyi
24%
Albert Celades
21%
Alessandro Florenzi
21%
Adrien Tameze
11%
No matching quizzes found
Score Distribution
Percent of People with Each Score
Percentile by Number Answered
Your Score History
You have not taken this quiz